[Event "Chigorin mem 13th"]
[Site "St Petersburg"]
[Date "2005.10.16"]
[EventDate "?"]
[Round "2"]
[Result "1-0"]
[White "Anish Giri"]
[Black "Boris Nikitinyh"]
[WhiteElo "2122"]
[BlackElo "2259"]
[PlyCount "69"]

1. e4 c6 2. d4 d5 3. Nc3 e6 4. Nf3 Bb4 5. e5 c5 6. a3 Ba5
7. b4 cxd4 8. Nb5 Bc7 9. Nbxd4 Nc6 10. Bb2 Nge7 11. Bd3 Ng6
12. Nxc6 bxc6 13. g3 c5 14. bxc5 Ba5+ 15. Kf1 Rb8 16. Bd4 Bd7
17. Kg2 Bc6 18. Qe2 O-O 19. h4 Re8 20. Ng5 Nf8 21. Qh5 g6
22. Qh6 Rb7 23. h5 Bd2 24. f4 Bc3 25. Bxc3 d4+ 26. Be4 Bxe4+
27. Nxe4 Qd5 28. Rhe1 f5 29. exf6 dxc3 30. Rad1 Qf5 31. Rd3
Rc7 32. Nd6 Qxc5 33. hxg6 hxg6 34. Rh1 Qc6+ 35. Kf2 1-0

[Event "Chigorin mem 13th"]
[Site "St Petersburg"]
[Date "2005.10.18"]
[EventDate "?"]
[Round "4"]
[Result "1-0"]
[White "Anish Giri"]
[Black "Andrei Achang"]
[WhiteElo "2122"]
[BlackElo "2238"]
[PlyCount "73"]

1. e4 c6 2. d4 d5 3. Nc3 dxe4 4. Nxe4 Nd7 5. Nf3 Ngf6 6. Bd3
Nxe4 7. Bxe4 Nf6 8. Bd3 Bg4 9. c3 Qb6 10. Be2 e6 11. Ne5 Bxe2
12. Qxe2 Be7 13. O-O O-O 14. Bg5 Qc7 15. Rad1 Rad8 16. Rd3 Nd5
17. Bc1 Rfe8 18. Rg3 g6 19. Rf3 f5 20. c4 Nf6 21. Bf4 Qc8
22. Rd3 c5 23. dxc5 Qxc5 24. Rfd1 Rxd3 25. Rxd3 Ne4 26. Qe3
Qa5 27. Rd7 Qxa2 28. h4 Qxb2 29. Nd3 Qa1+ 30. Kh2 Qa4 31. Rxb7
Qxc4 32. Qxa7 e5 33. Bxe5 Qe6 34. f4 Nf6 35. Nf2 Kf8 36. Bb2
Bd6 37. Qd4 1-0

[Event "Chigorin mem 13th"]
[Site "St Petersburg"]
[Date "2005.10.20"]
[EventDate "?"]
[Round "6"]
[Result "1-0"]
[White "Anish Giri"]
[Black "Herbert van Buitenen"]
[WhiteElo "2122"]
[BlackElo "2213"]
[PlyCount "65"]

1. e4 c5 2. Nf3 d6 3. Nc3 Nf6 4. e5 dxe5 5. Nxe5 e6 6. Be2 Be7
7. O-O O-O 8. Bf3 Nbd7 9. Nc4 Nb6 10. Ne5 Nbd5 11. d4 Qc7
12. Nb5 Qb6 13. c4 a6 14. Nc3 Nb4 15. Be3 Rd8 16. dxc5 Qc7
17. Qa4 Bxc5 18. Bxc5 Qxc5 19. Rad1 Rf8 20. Rfe1 Rb8 21. a3
Nc6 22. b4 Qxe5 23. Rxe5 Nxe5 24. b5 Bd7 25. Ne4 Nxe4 26. Bxe4
Rfc8 27. f4 Rxc4 28. Qa5 Rxe4 29. fxe5 b6 30. Qxa6 Be8 31. Qa7
Rc8 32. Qb7 Rec4 33. Qxb6 1-0

[Event "EU-ch U12"]
[Site "Herceg Novi"]
[Date "2005.09.20"]
[EventDate "?"]
[Round "6"]
[Result "0-1"]
[White "Vojtech Plat"]
[Black "Anish Giri"]
[WhiteElo "1945"]
[BlackElo "2112"]
[PlyCount "60"]

1. e4 c5 2. Nf3 e6 3. d4 cxd4 4. Nxd4 Nc6 5. Nc3 Be7 6. Be3 a6
7. Qd2 b5 8. f3 Qc7 9. O-O-O Nf6 10. Kb1 Bb7 11. g4 d6 12. Bg5
b4 13. Nce2 Nxd4 14. Qxd4 Rc8 15. c3 e5 16. Qg1 bxc3 17. Nxc3
Nxe4 18. fxe4 Bxg5 19. Bd3 O-O 20. h4 Bf4 21. g5 Qa5 22. Qe1
Qb6 23. Bc2 Be3 24. Nd5 Bxd5 25. exd5 Bd4 26. b3 Qc5 27. Qe4
g6 28. Rh3 f5 29. gxf6 Rxf6 30. Bd3 Qc3 0-1

[Event "St. Petersburg RUS"]
[Site "St. Petersburg RUS"]
[Date "2006.10.31"]
[EventDate "?"]
[Round "1.27"]
[Result "1-0"]
[White "Anish Giri"]
[Black "Feliks Khatenever"]
[WhiteElo "2183"]
[BlackElo "1984"]
[PlyCount "77"]

1.e4 e6 2.d4 d5 3.Nc3 dxe4 4.Nxe4 Nd7 5.Nf3 Be7 6.Bd3 Ngf6
7.O-O Nxe4 8.Bxe4 Nf6 9.Bd3 O-O 10.Ne5 c5 11.dxc5 Qd5 12.Qe2
Qxc5 13.a3 a5 14.b4 Qa7 15.Be3 Qb8 16.Bf4 Qa7 17.bxa5 Qxa5
18.Rab1 Qxa3 19.Bg5 Ra4 20.c4 Rb4 21.Ra1 Qb2 22.Bd2 Rb6 23.c5
Bxc5 24.Nc4 Qb5 25.Ra5 Qc6 26.Rxc5 Qxc5 27.Be3 Qe7 28.Nxb6 e5
29.Rc1 e4 30.Nxc8 Qd7 31.Bb5 Qe6 32.Nb6 h5 33.Qc4 Qd6 34.Qc5
Qe6 35.Qxf8+ Kxf8 36.Rc8+ Qxc8 37.Nxc8 Nd5 38.Bc5+ Kg8 39.Ne7+
1-0

[Event "St. Petersburg RUS"]
[Site "St. Petersburg RUS"]
[Date "2006.11.02"]
[EventDate "?"]
[Round "3.20"]
[Result "1-0"]
[White "Anish Giri"]
[Black "Aleksei Gantsevich"]
[WhiteElo "2183"]
[BlackElo "2034"]
[PlyCount "79"]

1.d4 Nf6 2.c4 g6 3.Nc3 Bg7 4.e4 d6 5.Nf3 O-O 6.h3 e5 7.d5 Nbd7
8.Bg5 h6 9.Be3 a6 10.g4 Rb8 11.Nd2 Nh7 12.Be2 Ndf6 13.b4 Ne8
14.Rc1 f5 15.gxf5 gxf5 16.exf5 Bxf5 17.Nde4 Qh4 18.Bg4 Bg6
19.Be6+ Bf7 20.Bxf7+ Rxf7 21.Qg4 Qxg4 22.hxg4 Nef6 23.Rh4 Rbf8
24.Ke2 Nxe4 25.Nxe4 Nf6 26.Kd3 Nxe4 27.Kxe4 Rf6 28.c5 Rg6
29.a4 Bf6 30.Rxh6 Rg7 31.Rch1 Kf7 32.Rh7 Rxh7 33.Rxh7+ Bg7
34.Bh6 Kg6 35.Rxg7+ Kxh6 36.Rxc7 Rf4+ 37.Ke3 Rxb4 38.cxd6 Rb6
39.d7 Rd6 40.Ke4 1-0

[Event "St. Petersburg RUS"]
[Site "St. Petersburg RUS"]
[Date "2006.11.05"]
[EventDate "?"]
[Round "6.14"]
[Result "0-1"]
[White "Vadim Chernov"]
[Black "Anish Giri"]
[WhiteElo "2011"]
[BlackElo "2183"]
[PlyCount "116"]

1.c4 Nf6 2.Nc3 g6 3.e4 d6 4.d4 Bg7 5.Be2 O-O 6.Nf3 e5 7.dxe5
dxe5 8.Qxd8 Rxd8 9.Bg5 Re8 10.Nd5 Nxd5 11.cxd5 c6 12.Bc4 b5
13.Bb3 c5 14.a4 c4 15.Ba2 a6 16.O-O Nd7 17.Be3 Bb7 18.Nd2 Rec8
19.Rac1 Bf8 20.Rc2 Bc5 21.Bxc5 Nxc5 22.a5 Nd3 23.Bb1 Rc5
24.Rd1 Rac8 25.g3 f5 26.f3 f4 27.g4 g5 28.Kg2 Kf7 29.h3 Ke7
30.Rf1 h5 31.Rd1 Kd6 32.Nf1 R5c7 33.Re2 Nc5 34.Ba2 Rh8 35.Rc1
Bc8 36.Rc3 Nb7 37.b4 cxb3 38.Rxc7 Kxc7 39.Bxb3 Nxa5 40.Rc2+
Kd6 41.Ba2 hxg4 42.hxg4 Bd7 43.Nd2 Nb7 44.Bb3 a5 45.Ra2 Rc8
46.Rc2 Rxc2 47.Bxc2 Kc5 48.Kf2 a4 49.Ke2 b4 50.Kd1 Na5 51.Kc1
b3 52.Bd1 Kb4 53.Kb2 Nc4+ 54.Nxc4 Kxc4 55.Ka3 Kc3 56.d6 b2
57.Ka2 Be6+ 58.Kb1 a3 0-1

[Event "St. Petersburg RUS"]
[Site "St. Petersburg RUS"]
[Date "2006.11.06"]
[EventDate "?"]
[Round "7.6"]
[Result "1-0"]
[White "Anish Giri"]
[Black "Eduard Gorovykh"]
[WhiteElo "2183"]
[BlackElo "2341"]
[PlyCount "89"]

1.d4 b5 2.e4 Bb7 3.Nd2 b4 4.Ngf3 Nf6 5.Bd3 e6 6.O-O d5 7.Qe2
Be7 8.Re1 O-O 9.exd5 Nxd5 10.Ne4 Nd7 11.Ne5 N7f6 12.Qf3 Rb8
13.Qh3 Nxe4 14.Bxe4 f5 15.Bd3 Bg5 16.Bxg5 Qxg5 17.Nd7 Nf4
18.Qg3 Qh6 19.Bf1 Rf7 20.Nxb8 Rf6 21.d5 Bxd5 22.Rad1 Rg6
23.Rxd5 Nh3+ 24.Qxh3 Qxh3 25.Rxe6 Qh4 26.Rxg6 hxg6 27.Rd3 a5
28.Nd7 Qe7 29.Rd1 g5 30.Bc4+ Kh7 31.Kf1 c6 32.Bb3 g4 33.Rd3
Kh6 34.h3 gxh3 35.Rxh3+ Kg5 36.Rg3+ Kh6 37.Rd3 g5 38.Nb6 Qc5
39.Nc8 Qe5 40.Nd6 Qf4 41.g3 Qc1+ 42.Kg2 Qxb2 43.Nxf5+ Kh7
44.g4 Kg6 45.Rd6+ 1-0

[Event "White Nights 2007 (CYSS-2)"]
[Site "St. Petersburg RUS"]
[Date "2007.06.03"]
[EventDate "?"]
[Round "2"]
[Result "0-1"]
[White "Vladimir Fedorovich Shushpanov"]
[Black "Anish Giri"]
[WhiteElo "2365"]
[BlackElo "2218"]
[PlyCount "90"]

1. d4 Nf6 2. Nf3 g6 3. c4 Bg7 4. g3 O-O 5. Bg2 d6 6. O-O Nbd7
7. Nc3 e5 8. Qc2 exd4 9. Nxd4 c6 10. Rd1 Re8 11. b3 Qb6
12. Bb2 Nc5 13. Rd2 a5 14. Ba3 Ng4 15. Rad1 a4 16. b4 Ne6
17. e3 Nxd4 18. exd4 Bf5 19. Qb2 Re7 20. h3 Nf6 21. b5 c5
22. dxc5 dxc5 23. Rd6 Qa5 24. Qd2 Rd7 25. Rxd7 Nxd7 26. Nd5
Qxd2 27. Rxd2 Re8 28. Ne3 Bh6 29. Bxb7 Bxe3 30. fxe3 Rxe3
31. g4 Be6 32. Bd5 Bxd5 33. Rxd5 Rxa3 34. Rxd7 Rxa2 35. b6 Rb2
36. b7 Kg7 37. Rc7 a3 38. Rxc5 Rxb7 39. Ra5 Rb3 40. Kg2 Rc3
41. c5 Rc2+ 42. Kg3 a2 43. c6 Kf6 44. c7 Rxc7 45. Rxa2 $138
0-1

[Event "White Nights 2007 (CYSS-2)"]
[Site "St. Petersburg RUS"]
[Date "2007.06.04"]
[EventDate "?"]
[Round "3"]
[Result "1-0"]
[White "Anish Giri"]
[Black "Aleksandr Rutman"]
[WhiteElo "2218"]
[BlackElo "2274"]
[PlyCount "71"]

1. d4 Nf6 2. c4 g6 3. Nc3 Bg7 4. e4 d6 5. Nf3 O-O 6. h3 e5
7. d5 Na6 8. Bg5 h6 9. Be3 Nc5 10. Nd2 a5 11. g4 Nh7 12. h4 f5
13. exf5 gxf5 14. g5 e4 15. gxh6 Be5 16. Nb3 Nxb3 17. axb3 Qf6
18. Qc2 f4 19. Nxe4 Qxh6 20. Bd2 Bf5 21. O-O-O c6 22. Rg1+ Kh8
23. dxc6 bxc6 24. Bd3 a4 25. bxa4 d5 26. Nc5 Bxd3 27. Nxd3 Bg7
28. Rxg7 Kxg7 29. Rg1+ Kh8 30. Ne5 Nf6 31. Ng6+ Kg7 32. Qf5
Kf7 33. Ne5+ Ke8 34. Qe6+ Kd8 35. Qd6+ Ke8 36. Qxc6+ 1-0

[Event "White Nights 2007 (CYSS-2)"]
[Site "St. Petersburg RUS"]
[Date "2007.06.07"]
[EventDate "?"]
[Round "6"]
[Result "1-0"]
[White "Anish Giri"]
[Black "Grigoriy Kazakevich"]
[WhiteElo "2218"]
[BlackElo "2141"]
[PlyCount "49"]

1. e4 c6 2. d4 d5 3. Nd2 dxe4 4. Nxe4 Nd7 5. Ng5 Ngf6 6. Bc4
e6 7. Qe2 Nb6 8. Bd3 h6 9. N5f3 c5 10. dxc5 Bxc5 11. Ne5 O-O
12. Ngf3 Nbd7 13. Bd2 Qc7 14. O-O-O b6 15. g4 Bb7 16. g5 Bxf3
17. Nxf3 hxg5 18. Bxg5 Bd6 19. Rhg1 Bf4+ 20. Kb1 Bxg5 21. Rxg5
Nh7 22. Bxh7+ Kxh7 23. Qe4+ g6 24. Rxg6 fxg6 25. Ng5+ 1-0

[Event "White Nights 2007 (CYSS-2)"]
[Site "St. Petersburg RUS"]
[Date "2007.06.08"]
[EventDate "?"]
[Round "7"]
[Result "0-1"]
[White "Mikhail V Novikov"]
[Black "Anish Giri"]
[WhiteElo "2355"]
[BlackElo "2218"]
[PlyCount "92"]

1. c4 Nf6 2. Nc3 g6 3. d4 Bg7 4. Nf3 O-O 5. e4 d6 6. Be2 Bg4
7. Be3 Nfd7 8. Rc1 c5 9. d5 Na6 10. O-O Nc7 11. h3 Bxf3
12. Bxf3 a6 13. a4 Qb8 14. Be2 e6 15. a5 exd5 16. cxd5 b5
17. axb6 Qxb6 18. Qa4 Rfd8 19. Rb1 Rab8 20. Rfc1 Qb4 21. Qc2
Re8 22. Bd3 Ne5 23. Bf1 Qb3 24. Bf4 f5 25. Qd2 Rb4 26. exf5
Rd4 27. Qe3 Nd3 28. Qxd3 Rxd3 29. Bxd3 Be5 30. Bd2 gxf5
31. Bxf5 Nxd5 32. Bc2 Qc4 33. Ne4 Qb5 34. Re1 Kg7 35. Ng5 h6
36. Nf3 Bf4 37. Rxe8 Qxe8 38. Re1 Qd8 39. Re6 Bxd2 40. Nxd2
Nf4 41. Re3 d5 42. Nf3 d4 43. Re4 d3 44. Bd1 Ng6 45. Ra4 Qf6
46. Ra2 Ne5 0-1

[Event "White Nights 2007"]
[Site "St. Petersburg RUS"]
[Date "2007.06.25"]
[EventDate "?"]
[Round "1.35"]
[Result "1-0"]
[White "Anish Giri"]
[Black "Yury Kudriavtsev"]
[WhiteElo "2218"]
[BlackElo "1937"]
[PlyCount "79"]

1.e4 e6 2.d4 d5 3.Nc3 Nf6 4.Bg5 Be7 5.e5 Nfd7 6.Be7 Qe7 7.f4
a6 8.Nf3 c5 9.dc5 Nc6 10.Qd2 Nc5 11.Bd3 b5 12.O-O Nd3 13.cd3
O-O 14.Ne2 Bd7 15.Ned4 Nd4 16.Nd4 f6 17.Rac1 Rac8 18.Rc8 Rc8
19.Rc1 Rc1+ 20.Qc1 fe5 21.fe5 Qh4 22.Nf3 Qa4 23.Qc7 b4 24.b3
Qc6 25.Qc6 Bc6 26.Kf2 h6 27.Ke3 Kf7 28.Kd4 Bb5 29.Kc5 Bd3
30.Nd4 Bb1 31.Kb4 Ba2 32.Kc5 Kg6 33.Kd6 Kf7 34.b4 Bc4 35.Ne6
g5 36.Nd4 Ke8 37.e6 Kd8 38.e7+ Ke8 39.Ne6 Bb5 40.Nc7+ 1-0

[Event "White Nights 2007"]
[Site "St. Petersburg RUS"]
[Date "2007.06.30"]
[EventDate "?"]
[Round "6.12"]
[Result "1-0"]
[White "Anish Giri"]
[Black "Rafael Barhudarian"]
[WhiteElo "2218"]
[BlackElo "2321"]
[PlyCount "67"]

1.d4 Nf6 2.Nf3 d6 3.c4 Nbd7 4.Nc3 e5 5.e4 g6 6.Be2 Bg7 7.O-O
O-O 8.Be3 c6 9.Qc2 Qe7 10.Rad1 h6 11.h3 Re8 12.Rfe1 a6 13.b4
d5 14.ed5 ed4 15.Nd4 cd5 16.c5 b6 17.Bf3 bc5 18.Nc6 Qf8 19.Nd5
Nd5 20.Bd5 Bb7 21.Bf3 Rac8 22.Ne7+ Re7 23.Bb7 Rb8 24.Bc6 Ne5
25.Bd5 Qe8 26.bc5 Rb2 27.Qc1 Qb5 28.c6 Rc7 29.Bf4 Nd3 30.Rd3
Qd3 31.Bc7 Qd5 32.Bg3 Qf5 33.c7 Rc2 34.Qc2 1-0

[Event "White Nights 2007"]
[Site "St. Petersburg RUS"]
[Date "2007.07.01"]
[EventDate "?"]
[Round "7.8"]
[Result "0-1"]
[White "Andrey Davydov"]
[Black "Anish Giri"]
[WhiteElo "2366"]
[BlackElo "2218"]
[PlyCount "48"]

1.e4 e6 2.d4 d5 3.Nc3 Bb4 4.Nge2 Nf6 5.Bg5 de4 6.a3 Be7 7.Bf6
Bf6 8.Ne4 Be7 9.Qd2 Nd7 10.O-O-O b6 11.g3 Bb7 12.Bg2 c6 13.Qf4
Qb8 14.Qg4 O-O 15.Ng5 Nf6 16.Qf3 h6 17.Ne4 Qc7 18.h4 Rab8
19.Nf6+ Bf6 20.Nf4 Rfd8 21.Qg4 Bd4 22.Ne6 fe6 23.Rd4 Rd4
24.Qd4 c5 0-1

[Event "White Nights 2007"]
[Site "St. Petersburg RUS"]
[Date "2007.07.03"]
[EventDate "?"]
[Round "9.6"]
[Result "1-0"]
[White "Anish Giri"]
[Black "Viktor Turikov"]
[WhiteElo "2218"]
[BlackElo "2367"]
[PlyCount "77"]

1.Nf3 b6 2.g3 Bb7 3.Bg2 Nf6 4.O-O c5 5.c4 e6 6.Nc3 Be7 7.Re1
O-O 8.e4 d6 9.d4 cd4 10.Nd4 Qc8 11.Be3 Nbd7 12.f4 Re8 13.Rc1
Bf8 14.b4 e5 15.Nf5 Qb8 16.fe5 Ne5 17.Nd5 Nd5 18.ed5 Qc7 19.c5
dc5 20.bc5 bc5 21.Bf4 Bd6 22.Be5 Re5 23.Re5 Be5 24.d6 Qd7
25.Rc5 Bg2 26.Qg4 Qb7 27.Re5 g6 28.Qd4 gf5 29.d7 Bc6 30.d8=Q+
Rd8 31.Qd8+ Kg7 32.Qg5+ Kf8 33.Qd8+ Kg7 34.Rf5 Be4 35.Qd4+ Kg8
36.Rf1 f5 37.Rd1 Qb6 38.Qb6 ab6 39.Rd8+ 1-0

[Event "Ch St. Petersburg B18"]
[Site "St. Petersburg"]
[Date "2007.10.05"]
[EventDate "?"]
[Round "1.2"]
[Result "0-1"]
[White "Andrei Bogdanov"]
[Black "Anish Giri"]
[WhiteElo "2072"]
[BlackElo "2341"]
[PlyCount "33"]

1.e4 c5 2.Nf3 d6 3.d4 cd4 4.Qd4 Nc6 5.Bb5 Bd7 6.Bc6 Bc6 7.Nc3
Nf6 8.Bg5 e6 9.O-O Be7 10.Rad1 O-O 11.Rfe1 Qc7 12.e5 de5
13.Re5 Rfd8 14.Qe3 Be8 15.Rd3 Rd3 16.cd3 Ng4 17.Qf4 0-1

[Event "Ch St. Petersburg B18"]
[Site "St. Petersburg"]
[Date "2007.10.06"]
[EventDate "?"]
[Round "2.2"]
[Result "1-0"]
[White "Anish Giri"]
[Black "Ilya Duzhakov"]
[WhiteElo "2341"]
[BlackElo "2118"]
[PlyCount "59"]

1.e4 c5 2.Nf3 d6 3.d4 Nf6 4.Nc3 cd4 5.Nd4 a6 6.Be3 e5 7.Nb3
Be6 8.f3 Be7 9.Qd2 Nc6 10.Nd5 Bd5 11.ed5 Nb8 12.O-O-O Nbd7
13.g4 h6 14.Be2 Rc8 15.h4 Nb6 16.Qa5 Qc7 17.c3 Bd8 18.g5 hg5
19.hg5 Rh1 20.Rh1 Nfd5 21.Rh8+ Ke7 22.Bb6 Nb6 23.g6 fg6 24.f4
Nd7 25.Qd5 Nf6 26.Qg2 Kf7 27.fe5 de5 28.Nd2 b5 29.Bd1 Qd7
30.Bb3+ 1-0

[Event "Ch St. Petersburg B18"]
[Site "St. Petersburg"]
[Date "2007.10.09"]
[EventDate "?"]
[Round "5.3"]
[Result "0-1"]
[White "Denis Toder"]
[Black "Anish Giri"]
[WhiteElo "2230"]
[BlackElo "2341"]
[PlyCount "51"]

1.e4 e6 2.d4 d5 3.Nd2 Nf6 4.e5 Nfd7 5.Bd3 c5 6.c3 Nc6 7.Ne2
cd4 8.cd4 f6 9.ef6 Nf6 10.Nf3 Bd6 11.O-O Qc7 12.Nc3 a6 13.Bg5
O-O 14.Rc1 h6 15.Bh4 Nh5 16.Bg3 Ng3 17.hg3 g5 18.Bb1 Qg7
19.Ne2 Bd7 20.Qd3 Rf7 21.Qe3 Raf8 22.a3 Bb8 23.b4 Ba7 24.Rc6
Bc6 25.Ne5 Rc7 26.g4 0-1

[Event "Ch St. Petersburg B18"]
[Site "St. Petersburg"]
[Date "2007.10.11"]
[EventDate "?"]
[Round "7.3"]
[Result "1-0"]
[White "Anish Giri"]
[Black "Konstantin Shmagin"]
[WhiteElo "2341"]
[BlackElo "1970"]
[PlyCount "39"]

1.d4 d5 2.c4 e6 3.Nc3 Be7 4.Nf3 Nf6 5.Bg5 h6 6.Bh4 O-O 7.e3 b6
8.Rc1 Bb7 9.Bf6 Bf6 10.cd5 ed5 11.b4 c6 12.Be2 a5 13.b5 c5
14.O-O Nd7 15.Qb3 c4 16.Qb1 Re8 17.Nd2 Nf8 18.Bf3 Rb8 19.g3
Qd7 20.h4 1-0

[Event "Ch St. Petersburg B18"]
[Site "St. Petersburg"]
[Date "2007.10.12"]
[EventDate "?"]
[Round "8.3"]
[Result "1-0"]
[White "Anish Giri"]
[Black "Zviad Sichinava"]
[WhiteElo "2341"]
[BlackElo "2166"]
[PlyCount "43"]

1.d4 Nf6 2.c4 c5 3.d5 b5 4.cb5 a6 5.e3 ab5 6.Bb5 g6 7.Nc3 Bg7
8.Nf3 O-O 9.O-O Na6 10.e4 Nc7 11.Bc4 d6 12.Re1 Ba6 13.Nd2 Qd7
14.h3 Rfb8 15.Qc2 Bc4 16.Nc4 Nb5 17.Nb5 Qb5 18.Re3 Nd7 19.a4
Qa6 20.Bd2 Bd4 21.Rb3 Rb3 22.Qb3 1-0

[Event "Autumn Petersburg 2007 Open"]
[Site "St. Petersburg"]
[Date "2007.10.28"]
[EventDate "?"]
[Round "2.20"]
[Result "1-0"]
[White "Anish Giri"]
[Black "Karina Azimova"]
[WhiteElo "2341"]
[BlackElo "1811"]
[PlyCount "51"]

1. e4 e5 2. Nf3 d6 3. Bc4 Be7 4. O-O Nf6 5. d3 O-O 6. Nbd2 Nc6
7. a4 Bg4 8. c3 d5 9. Bb3 d4 10. h3 Bh5 11. Qe2 Bc5 12. Rd1
Qe7 13. Nf1 Bg6 14. Ng3 Nh5 15. Nxh5 Bxh5 16. g4 Bg6 17. Bd5
Kh8 18. h4 h5 19. Ng5 hxg4 20. Qxg4 Qf6 21. h5 Bh7 22. Nxh7
Kxh7 23. Bg5 Qd6 24. b4 Bxb4 25. cxb4 f5 26. Qg2 1-0

[Event "Autumn Petersburg 2007 Open"]
[Site "St. Petersburg"]
[Date "2007.10.29"]
[EventDate "?"]
[Round "3.12"]
[Result "0-1"]
[White "Sergey Androsov"]
[Black "Anish Giri"]
[WhiteElo "2102"]
[BlackElo "2341"]
[PlyCount "78"]

1. e4 c5 2. Nf3 d6 3. d4 cxd4 4. Nxd4 Nf6 5. Nc3 a6 6. Bc4 e6
7. Bg5 Be7 8. O-O O-O 9. a3 Nc6 10. Be3 Qc7 11. Be2 Nxd4
12. Bxd4 b5 13. Bf3 Rb8 14. Re1 Nd7 15. g3 Bb7 16. Bg2 Bf6
17. Bxf6 Nxf6 18. Qe2 e5 19. Rad1 Rfd8 20. f4 h5 21. h3 h4
22. gxh4 exf4 23. Qf3 Qc5+ 24. Kh2 a5 25. Qxf4 b4 26. axb4
axb4 27. Nd5 Bxd5 28. exd5 Qxc2 29. Rd2 Qc5 30. Rf2 Re8
31. Rxe8+ Rxe8 32. h5 Re5 33. h6 Rh5 34. Rf1 Rxh6 35. Rc1 Qe3
36. Rc8+ Kh7 37. Qxb4 Qf2 38. Rc4 Nxd5 39. Qb7 Ne3 0-1

[Event "Autumn Petersburg 2007 Open"]
[Site "St. Petersburg"]
[Date "2007.10.30"]
[EventDate "?"]
[Round "4.6"]
[Result "1-0"]
[White "Anish Giri"]
[Black "Denis Toder"]
[WhiteElo "2341"]
[BlackElo "2230"]
[PlyCount "93"]

1. e4 c6 2. d4 d5 3. e5 Bf5 4. Nc3 e6 5. g4 Bg6 6. Nge2 Ne7
7. Nf4 h6 8. Nxg6 Nxg6 9. Bd3 Nh4 10. O-O c5 11. Bb5+ Nc6
12. f4 cxd4 13. Qxd4 Rc8 14. Qxa7 Bb4 15. Qxb7 O-O 16. Bxc6
Rb8 17. Qa6 Rb6 18. Qa4 Qc7 19. Be3 Bxc3 20. bxc3 Rxc6 21. Bd4
Rxc3 22. Bxc3 Qxc3 23. Rab1 Qe3+ 24. Rf2 Nf3+ 25. Kg2 Nh4+
26. Kf1 Rc8 27. Qb5 Rc4 28. Qb6 Qh3+ 29. Kg1 Rxf4 30. Qb3 Nf3+
31. Kh1 Qxg4 32. Rbf1 Nh4 33. Qg3 Rxf2 34. Rxf2 Qe4+ 35. Kg1
Nf5 36. Qf4 Qe1+ 37. Rf1 Qc3 38. Qf2 Qxe5 39. a4 d4 40. Qf4
Qc5 41. Qb8+ Kh7 42. Qb5 Qxc2 43. a5 Ne3 44. Qb1 d3 45. Qxc2
dxc2 46. Rc1 f5 47. a6 1-0

[Event "Autumn Petersburg 2007 Open"]
[Site "St. Petersburg"]
[Date "2007.11.02"]
[EventDate "?"]
[Round "7.14"]
[Result "1-0"]
[White "Anish Giri"]
[Black "Sergey Maslyakov"]
[WhiteElo "2341"]
[BlackElo "2108"]
[PlyCount "63"]

1. Nf3 d5 2. d4 Nf6 3. c4 e6 4. Nc3 Be7 5. Bf4 a6 6. c5 O-O
7. e3 Re8 8. Bd3 Nbd7 9. h4 Nf8 10. Ne5 N6d7 11. Qc2 Nxe5
12. Bxe5 b6 13. cxb6 cxb6 14. O-O-O b5 15. Kb1 Bd7 16. g4 Qa5
17. Qd2 b4 18. Ne2 Bb5 19. g5 Qb6 20. h5 Bxd3+ 21. Qxd3 Bd6
22. g6 fxg6 23. hxg6 hxg6 24. Bxd6 Qxd6 25. Nf4 g5 26. Ng6 Nd7
27. Rh5 Nf6 28. Rh8+ Kf7 29. Ne5+ Ke7 30. Rxe8+ Rxe8 31. Qg6
Rg8 32. Rc1 1-0

[Event "Autumn Petersburg 2007 Open"]
[Site "St. Petersburg"]
[Date "2007.11.03"]
[EventDate "?"]
[Round "8.10"]
[Result "1-0"]
[White "Anish Giri"]
[Black "Andrey Gnidenko"]
[WhiteElo "2341"]
[BlackElo "2113"]
[PlyCount "79"]

1. Nf3 Nf6 2. c4 c5 3. Nc3 d6 4. d4 Na6 5. e4 g6 6. Be2 cxd4
7. Nxd4 Bg7 8. Be3 O-O 9. O-O Bd7 10. f3 Ne8 11. f4 Nec7
12. Rb1 Rc8 13. Qd2 e5 14. Nc2 exf4 15. Bxf4 Be5 16. Bg5 f6
17. Bh4 Nc5 18. b4 Bxc3 19. Qxc3 Nxe4 20. Qd4 Qe8 21. Rbe1 f5
22. Bd3 d5 23. Ne3 dxc4 24. Bxc4+ Be6 25. Ng4 fxg4 26. Rxf8+
Qxf8 27. Qxe4 Bxc4 28. Qxc4+ Qf7 29. Rc1 Rf8 30. Qxc7 Qxa2
31. Qxb7 Qb3 32. Qe4 Rb8 33. Qc4+ Qxc4 34. Rxc4 h5 35. Rd4 Rb5
36. Bd8 Kf7 37. Ba5 Ke6 38. Re4+ Kf6 39. Rc4 Rb7 40. Rc7 1-0

[Event "Ch St. Petersburg B16"]
[Site "St. Petersburg"]
[Date "2007.11.05"]
[EventDate "?"]
[Round "1.1"]
[Result "1-0"]
[White "Anish Giri"]
[Black "Grigory Palchun"]
[WhiteElo "2341"]
[BlackElo "2051"]
[PlyCount "57"]

1.Nf3 d5 2.c4 c6 3.d4 Nf6 4.Nc3 a6 5.c5 Nbd7 6.Bf4 g6 7.e3 Bg7
8.h3 O-O 9.Bd3 Ne8 10.O-O Nc7 11.Re1 Re8 12.e4 de4 13.Ne4 Nd5
14.Bg3 N7f6 15.Nf6+ Bf6 16.Qb3 Nc7 17.Rad1 a5 18.Bc4 Nd5 19.a4
Rf8 20.Re2 Nc7 21.Rde1 Ne6 22.Be6 fe6 23.Be5 Ra6 24.h4 b6
25.h5 Qd5 26.Qe3 Bd7 27.hg6 hg6 28.Qh6 Be8 29.Ng5 1-0

[Event "Ch St. Petersburg B16"]
[Site "St. Petersburg"]
[Date "2007.11.06"]
[EventDate "?"]
[Round "2.1"]
[Result "0-1"]
[White "Sergei Airumian"]
[Black "Anish Giri"]
[WhiteElo "2037"]
[BlackElo "2341"]
[PlyCount "96"]

1.e4 c5 2.Nf3 d6 3.d4 cd4 4.Qd4 Nc6 5.Bb5 Bd7 6.Bc6 Bc6 7.Nc3
Nf6 8.Bg5 e6 9.O-O-O Be7 10.h4 h6 11.Be3 O-O 12.Nh2 b5 13.g4
Qa5 14.a3 e5 15.Qb4 Qb4 16.ab4 Ne4 17.Ne4 Be4 18.f3 Bc6 19.g5
h5 20.Rhe1 a5 21.ba5 Ra5 22.Bb6 Ra4 23.Bc7 Rc8 24.Bb6 Rh4
25.Re2 Bg5+ 26.Kb1 Be7 27.b3 f6 28.Be3 g5 29.Rg1 Kf7 30.Rg3 d5
31.Bd2 d4 32.Be1 Bd7 33.Rgg2 Rh3 34.Bd2 Bf5 35.Be1 d3 36.cd3
Bd3+ 37.Kb2 Be2 38.Re2 Bc5 39.Rg2 Bg1 40.Rg1 Rh2+ 41.Kb1 Rcc2
42.b4 Rb2+ 43.Kc1 Ra2 44.Kb1 Rhb2+ 45.Kc1 Rb4 46.Rh1 h4 47.f4
Rf4 48.Kb1 Re2 0-1

[Event "Ch St. Petersburg B16"]
[Site "St. Petersburg"]
[Date "2007.11.10"]
[EventDate "?"]
[Round "6.2"]
[Result "1-0"]
[White "Anish Giri"]
[Black "Mikhail Pleshkov"]
[WhiteElo "2341"]
[BlackElo "2004"]
[PlyCount "31"]

1.d4 Nf6 2.c4 e6 3.Nf3 b6 4.g3 Bb7 5.Bg2 Be7 6.O-O O-O 7.Nc3
d6 8.Qc2 Nbd7 9.e4 c5 10.e5 de5 11.de5 Ne8 12.Rd1 g6 13.Qa4
Bc8 14.Ne1 Rb8 15.Bc6 b5 16.Qa7 1-0

[Event "Ch St. Petersburg B16"]
[Site "St. Petersburg"]
[Date "2007.11.11"]
[EventDate "?"]
[Round "7.2"]
[Result "0-1"]
[White "German Bazeev"]
[Black "Anish Giri"]
[WhiteElo "2163"]
[BlackElo "2341"]
[PlyCount "70"]

1.Nf3 Nf6 2.d4 d5 3.c4 dc4 4.e3 Bg4 5.Bc4 e6 6.Qb3 Bf3 7.gf3
Qc8 8.Nc3 a6 9.Bd2 c5 10.dc5 Nbd7 11.Rc1 Nc5 12.Qc2 b5 13.Nb5
ab5 14.Bb5+ Kd8 15.a4 Bd6 16.O-O Ncd7 17.Qd3 Qb8 18.Rfd1 Ke7
19.e4 Rd8 20.b4 Bh2+ 21.Kg2 Bf4 22.Bf4 Qf4 23.Qe3 Qe3 24.fe3
Rdc8 25.Kg3 Rab8 26.Rc8 Rc8 27.a5 Rb8 28.Bc6 Ne5 29.b5 Nc6
30.bc6 Rc8 31.e5 Nd5 32.e4 Nb4 33.Rd7+ Ke8 34.Rb7 Nc6 35.a6
Ra8 0-1

[Event "Ch St. Petersburg B16"]
[Site "St. Petersburg"]
[Date "2007.11.12"]
[EventDate "?"]
[Round "8.2"]
[Result "0-1"]
[White "Erdni Urjubdshzirov"]
[Black "Anish Giri"]
[WhiteElo "2228"]
[BlackElo "2341"]
[PlyCount "66"]

1.e4 e6 2.d4 d5 3.Nc3 Bb4 4.Nge2 Nf6 5.Bg5 de4 6.a3 Be7 7.Bf6
Bf6 8.Ne4 Be7 9.g3 O-O 10.Bg2 Nd7 11.O-O e5 12.d5 Nb6 13.N4c3
f5 14.f4 e4 15.g4 Bc5+ 16.Kh1 Nc4 17.d6 Ne3 18.dc7 Qh4 19.Qd2
Qg4 20.Rg1 Qh4 21.Nd1 Ng4 22.Qd5+ Kh8 23.h3 Bg1 24.Kg1 Qe1+
25.Bf1 Nh2 26.Kh2 Qf1 27.Qd2 Be6 28.Nd4 e3 29.Qe3 Bd5 30.Qd2
Qh1+ 31.Kg3 Qg2+ 32.Kh4 Rf6 33.Nf5 Rf5 0-1